| 000 | 01038nam a2200253 a 4500 | ||
|---|---|---|---|
| 001 | 58304 | ||
| 003 | BD-RjUL | ||
| 005 | 20211209080615.0 | ||
| 008 | 161217s2011 bg ||||| |||| 00| 0 ben d | ||
| 020 |
_a9847035000919 (V-1) _c: Tk.500.00 |
||
| 020 |
_a9847035000933 (V-2) _c: Tk.650.00 |
||
| 035 | _a(BD-RjUL)58428 | ||
| 040 |
_aBD-RjUL _bbe _cBD-RjUL _dBD-RjUL |
||
| 041 | _aben | ||
| 082 |
_223 _a327.1 _bJAO 2011 |
||
| 100 |
_aজাগীরদার, ওবেইদ _9124811 |
||
| 245 | 1 | 0 |
_aওবেইদ জাগীরদার রচনাসমগ্র / _cওবেইদ জাগীরদার |
| 260 |
_aঢাকা : _bর্যামন পাবলিশার্স _c২০১১ |
||
| 300 |
_aখন্ড. ; _c২১ সেমি . |
||
| 505 | _aখন্ড. ১ জাতীয় প্রসঙ্গ -- খন্ড. ২ আন্তর্জাতিক -- | ||
| 650 |
_aআন্তর্জাতিক নীতি _9168740 |
||
| 650 |
_aInternational Policy _9168741 |
||
| 942 |
_2ddc _cBK |
||
| 999 |
_c58304 _d58304 |
||